000
00257nam a2200109Ia 4500
008
190914s9999||||xx |||||||||||||| ||und||
100
_a
Kotler
245
0
_a
Principles Marketing
260
_a
New Delhi
_b
Bantam Books Inc
_c
2001
300
_a
395
942
_c
BK
999
_c
9139
_d
9139